[Event "Let's Play Chess!"]
[Site "http://www.queenalice.com/game.php?id=524983"]
[Date "2009.1.20"]
[Round "-"]
[White "dida"]
[Black "nadajnick"]
[Result "1-0"]
[WhiteElo "1538"]
[BlackElo "1496"]

1. e4 c5 2. Bc4 e6 3. Qf3 Nc6 4. c3 b6 5. Ne2 Ne5 6. Qh5 Nf6 7. Qxe5 d6 8. Qg5
Nxe4 9. Qxd8+ Kxd8 10. Na3 d5 11. Bb5 a6 12. Bc6 Rb8 13. d3 Nd6 14. Bf4 Bb7 15.
Bxb7 Rxb7 16. c4 d4 17. Ng3 f5 18. Nh5 Rg8 19. O-O Ne8 20. Nc2 1-0

[Event "AUTO-OPEN-1410"]
[Site "http://www.queenalice.com/game.php?id=525910"]
[Date "2009.1.20"]
[Round "1"]
[White "nadajnick"]
[Black "Pele"]
[Result "0-1"]
[WhiteElo "1542"]
[BlackElo "1909"]

1. c4 Nf6 2. Nf3 g6 3. Nc3 Bg7 4. e4 O-O 5. d4 d6 6. Be2 b6 7. h3 Bb7 8. d5 c6
9. Be3 Qd7 10. O-O e6 11. b3 Na6 12. a3 Nc7 13. Rb1 Nfxd5 14. exd5 Bxc3 15. dxe6
Nxe6 16. Qc2 Bg7 17. Rfd1 c5 18. Rd2 Qc6 0-1

[Event "AUTO-OPEN-1410"]
[Site "http://www.queenalice.com/game.php?id=525911"]
[Date "2009.1.20"]
[Round "1"]
[White "Pele"]
[Black "nadajnick"]
[Result "1-0"]
[WhiteElo "1911"]
[BlackElo "1540"]

1. d4 Nf6 2. Nf3 g6 3. Bg5 Bg7 4. e3 O-O 5. c4 b6 6. Nc3 Bb7 7. Be2 h6 8. Bh4 d6
9. O-O Nc6 10. a3 g5 11. Bg3 e6 12. Nd2 Ne7 13. f3 Nf5 14. Bf2 Qd7 15. e4 Nh4
16. Bxh4 gxh4 17. h3 1-0

[Event "AUTO-OPEN-1410"]
[Site "http://www.queenalice.com/game.php?id=525912"]
[Date "2009.1.20"]
[Round "1"]
[White "nadajnick"]
[Black "Enya"]
[Result "0-1"]
[WhiteElo "1483"]
[BlackElo "1868"]

1. c4 Nf6 2. d4 g6 3. Nc3 Bg7 4. e4 O-O 5. Nf3 d6 6. Be2 Nbd7 7. O-O e5 8. d5 a5
9. Bg5 b6 10. b3 Re8 11. Re1 Nc5 12. h3 h6 13. Bxf6 Qxf6 14. Nb5 Re7 15. a3 Ba6
16. b4 axb4 17. axb4 Nb7 18. Ra3 Kh7 19. Nh2 h5 20. Rf3 Qg5 21. Rg3 Qf6 22. Rf3
Qg5 23. Rg3 Qh6 24. Qc1 Bxb5 25. Qxh6+ Bxh6 26. cxb5 Ra2 27. Nf3 Rb2 28. Ng5+
Bxg5 29. Rxg5 Rxb4 30. Rg3 Rxe4 31. Re3 Rxe3 32. fxe3 f5 33. Bd1 Nc5 34. Bc2 e4
35. Ra1 Kg7 36. Ra7 Kf6 37. Ra1 Ke5 38. Rd1 Re8 39. Kf2 Ra8 40. Ke2 Ra5 0-1

[Event "AUTO-OPEN-1410"]
[Site "http://www.queenalice.com/game.php?id=525913"]
[Date "2009.1.20"]
[Round "1"]
[White "Enya"]
[Black "nadajnick"]
[Result "1-0"]
[WhiteElo "1776"]
[BlackElo "1555"]

1. e4 c5 2. Nf3 e6 3. d4 cxd4 4. Nxd4 a6 5. c4 Nf6 6. Nc3 Bb4 7. Bd3 Nc6 8. Nc2
b5 9. cxb5 axb5 10. O-O Ba6 11. Nxb5 Bxb5 12. Bxb5 Nxe4 13. Bxc6 dxc6 14. Qxd8+
Rxd8 15. Nxb4 c5 16. Nc6 Rc8 17. Ne5 O-O 18. Be3 Rfd8 19. Rfd1 h6 20. f3 Nd6 21.
Rac1 Nb7 22. Rxd8+ Rxd8 23. Bxc5 Nxc5 24. Rxc5 Rd1+ 25. Kf2 Rd2+ 26. Kg3 Rxb2
27. a4 Rb4 28. Rc4 Rb7 29. a5 Ra7 30. Nc6 Ra6 31. Rc5 f6 32. Nb4 Ra7 33. a6 g5
34. Rc6 Kf7 35. Rb6 1-0

[Event "AUTO-OPEN-1410"]
[Site "http://www.queenalice.com/game.php?id=525914"]
[Date "2009.1.20"]
[Round "1"]
[White "nadajnick"]
[Black "Antunesbruno"]
[Result "0-1"]
[WhiteElo "1473"]
[BlackElo "1799"]

1. c4 c5 2. Nf3 e6 3. Nc3 Nf6 4. g3 Be7 5. Bg2 O-O 6. O-O d6 7. d4 Nbd7 8. e4
cxd4 9. Nxd4 a6 10. b3 Qc7 11. Ba3 Rb8 12. f4 Rd8 13. e5 Ne8 14. Qd2 Nf8 0-1

[Event "AUTO-OPEN-1410"]
[Site "http://www.queenalice.com/game.php?id=525915"]
[Date "2009.1.20"]
[Round "1"]
[White "Antunesbruno"]
[Black "nadajnick"]
[Result "1-0"]
[WhiteElo "1794"]
[BlackElo "1473"]

1. d4 g6 2. c4 Nf6 3. Nc3 Bg7 4. e4 d6 5. Nf3 Bg4 6. Be2 Nbd7 7. O-O O-O 8. h3
Bxf3 9. Bxf3 Nb6 10. Be3 Nxc4 11. Bc1 c6 12. b3 Na5 13. Qe2 Re8 14. Bd2 e6 15.
Rac1 1-0

[Event "Let's Play Chess!"]
[Site "http://www.queenalice.com/game.php?id=528316"]
[Date "2009.1.24"]
[Round "-"]
[White "jld"]
[Black "nadajnick"]
[Result "0-1"]
[WhiteElo "1488"]
[BlackElo "1450"]

1. e4 c5 2. c3 Nf6 3. f3 d5 4. Bb5+ Bd7 5. a4 c4 6. exd5 Nxd5 7. Bxc4 e6 8. d4
Bd6 9. Nh3 O-O 10. O-O Nc6 11. b4 a5 12. b5 Nce7 13. g4 f5 14. gxf5 Nxf5 15. Nf4
Nfe3 16. Bxe3 Nxe3 17. Bxe6+ Kh8 18. Qd2 Nxf1 19. Qa2 Rxf4 20. Kxf1 Qe7 21. Bd5
Re8 22. Nd2 Bh3+ 23. Kf2 Qh4+ 24. Kg1 Qg5+ 25. Kf2 Qg2# 0-1

[Event "Let's Play Chess!"]
[Site "http://www.queenalice.com/game.php?id=528317"]
[Date "2009.1.24"]
[Round "-"]
[White "nadajnick"]
[Black "jld"]
[Result "1-0"]
[WhiteElo "1559"]
[BlackElo "1506"]

1. d4 d5 2. c4 c6 3. Nf3 e6 4. Nc3 a5 5. c5 b6 6. a3 bxc5 7. Bg5 Be7 8. Qd2 cxd4
9. Qxd4 Bxg5 10. Nxg5 Qxg5 11. e3 e5 12. Qa4 Qf6 13. b4 d4 14. Nd5 Qd6 15. Nb6
axb4 16. Nxa8 Qc5 17. Qxb4 Na6 18. Bxa6 Qa7 19. Bxc8 Qxa8 20. Bb7 Qa7 21. Bxc6+
Kd8 22. Rc1 dxe3 23. Qd6+ Kc8 24. Bd7+ Kb7 25. Qc6+ 1-0

[Event "Let's Play Chess!"]
[Site "http://www.queenalice.com/game.php?id=529046"]
[Date "2009.1.25"]
[Round "-"]
[White "vieri"]
[Black "nadajnick"]
[Result "0-1"]
[WhiteElo "1061"]
[BlackElo "1515"]

1. d4 Nf6 2. e3 d5 3. Nf3 Bf5 4. Ne5 Bg6 5. Bb5+ c6 6. Bd3 e6 7. Bxg6 hxg6 8.
Nc3 Bb4 9. a3 Bxc3+ 10. bxc3 Ne4 11. Bb2 Qf6 12. O-O Nd7 13. f3 Nd6 14. f4 O-O-O
15. Qg4 Ne4 16. Rad1 Rh4 17. Qf3 Rdh8 18. c4 Rxh2 19. g3 Nd2 20. Rxd2 Rxd2 21.
Nxd7 Kxd7 22. Rc1 Qf5 23. cxd5 Qh3 24. Bc3 Qh2+ 25. Kf1 Qh1+ 26. Qxh1 Rxh1# 0-1

[Event "Let's Play Chess!"]
[Site "http://www.queenalice.com/game.php?id=529593"]
[Date "2009.1.26"]
[Round "-"]
[White "nadajnick"]
[Black "godzilla"]
[Result "0-1"]
[WhiteElo "1535"]
[BlackElo "1420"]

1. d4 Nf6 2. c4 e6 3. Nc3 d5 4. b3 Bb4 5. Bd2 Bxc3 6. Bxc3 O-O 7. g3 Nbd7 8. Bg2
c6 9. c5 b6 10. b4 Re8 11. Nf3 h6 12. O-O Ne4 13. Qd3 a5 14. a3 Ba6 15. Qc2 Nxc3
16. Qxc3 Bxe2 17. Rfe1 Bxf3 18. Bxf3 e5 19. dxe5 axb4 20. axb4 Rxa1 21. Rxa1
Nxe5 22. Ra7 d4 23. Qb3 Qb8 24. Ra6 bxc5 25. Bxc6 Nxc6 26. Rxc6 Qb5 27. Rc7 Re1+
28. Kg2 Qf1+ 0-1

[Event "Let's Play Chess!"]
[Site "http://www.queenalice.com/game.php?id=529600"]
[Date "2009.1.26"]
[Round "-"]
[White "godzilla"]
[Black "nadajnick"]
[Result "1-0"]
[WhiteElo "1548"]
[BlackElo "1543"]

1. d4 Nf6 2. c4 e6 3. Nc3 Bb4 4. e3 b6 5. Nf3 Bb7 6. Bd3 Nc6 7. O-O O-O 8. d5
Ne7 9. Ne4 Ng6 10. Nxf6+ Qxf6 11. Bd2 a5 12. Bxb4 axb4 13. Qb3 Qe7 14. Bxg6 fxg6
15. e4 g5 16. Qe3 h6 17. a3 bxa3 18. Rxa3 d6 19. Rfa1 exd5 20. cxd5 c6 21. dxc6
Bxc6 22. Nd2 b5 23. Rc1 Rxa3 24. bxa3 Bb7 25. Qb6 Qd7 26. Rc7 Qe6 27. Rxb7 Qf6
28. f3 Qa1+ 29. Nf1 Qxa3 30. Qxb5 Qc3 31. Qd5+ Kh8 32. Qxd6 Rg8 33. e5 Re8 34.
e6 Qf6 35. Rb8 1-0

[Event "Let's Play Chess!"]
[Site "http://www.queenalice.com/game.php?id=529880"]
[Date "2009.1.27"]
[Round "-"]
[White "pauldavidkrewson"]
[Black "nadajnick"]
[Result "1-0"]
[WhiteElo "1490"]
[BlackElo "1473"]

1. e4 c5 2. d3 Nc6 3. Nc3 e6 4. Nf3 d5 5. Be3 Bd6 6. Be2 Nf6 7. O-O O-O 8. d4
Nxe4 9. Nxe4 dxe4 10. Ne5 Qc7 11. c4 Nxe5 12. dxe5 Bxe5 13. g3 b6 14. Qc2 Bb7
15. Rad1 1-0

[Event "Let's Play Chess!"]
[Site "http://www.queenalice.com/game.php?id=530112"]
[Date "2009.1.27"]
[Round "-"]
[White "nadajnick"]
[Black "erikmartinelli"]
[Result "0-1"]
[WhiteElo "1522"]
[BlackElo "1542"]

1. d4 e6 2. e4 d5 3. Nc3 dxe4 4. Nxe4 Nf6 5. Bd3 g6 6. Nf3 Nxe4 7. Bxe4 Nc6 8.
c3 Bd6 9. Bg5 Be7 10. Bxc6+ bxc6 11. Bxe7 Qxe7 12. Ne5 O-O 13. Nxc6 Qg5 0-1

[Event "Let's Play Chess!"]
[Site "http://www.queenalice.com/game.php?id=532327"]
[Date "2009.1.31"]
[Round "-"]
[White "charles31"]
[Black "nadajnick"]
[Result "1-0"]
[WhiteElo "1767"]
[BlackElo "1477"]

1. g3 d5 2. d4 Nf6 3. e3 e6 4. c3 c5 5. dxc5 Bxc5 6. Qa4+ Bd7 7. Qb3 O-O 8. Bd3
Qc7 9. Qc2 h6 10. h3 Nc6 11. Nf3 Ne4 12. Bxe4 dxe4 13. Qxe4 f5 14. Qc2 e5 15.
Nh4 g5 16. Ng2 e4 17. b4 Be7 18. Bb2 Rad8 19. h4 g4 20. Nf4 Nxb4 21. Qb3+ Kh7
22. cxb4 Qd6 23. Ba3 1-0

[Event "Let's Play Chess!"]
[Site "http://www.queenalice.com/game.php?id=532331"]
[Date "2009.1.31"]
[Round "-"]
[White "nadajnick"]
[Black "charles31"]
[Result "0-1"]
[WhiteElo "1482"]
[BlackElo "1762"]

1. d4 d5 2. c4 dxc4 3. Nf3 h6 4. e4 Bg4 5. Be2 b5 6. Nbd2 a6 7. d5 Qd6 8. O-O
Nd7 9. Nh4 Bxe2 10. Qxe2 c6 11. Nf5 Qc7 12. Nf3 g6 13. dxc6 Qxc6 14. N5d4 Qb7
15. Rd1 e5 16. Nc2 Bc5 17. Be3 Qxe4 18. Rd2 Ngf6 19. h3 Bxe3 20. Qxe3 Qxe3 21.
Nxe3 Ra7 22. Rad1 Ke7 0-1

[Event "Let's Play Chess!"]
[Site "http://www.queenalice.com/game.php?id=532512"]
[Date "2009.1.31"]
[Round "-"]
[White "nadajnick"]
[Black "SubZeroBankay"]
[Result "1-0"]
[WhiteElo "1482"]
[BlackElo "1301"]

1. d4 d5 2. c4 Nf6 3. Nf3 Bg4 4. Bf4 Bxf3 5. exf3 dxc4 6. Bxc4 Nc6 7. Nc3 Qxd4
8. Qxd4 Nxd4 9. O-O O-O-O 10. Bxf7 e6 11. Be5 Nf5 12. Bxe6+ Nd7 13. Rac1 Re8 14.
Bxd7+ Kxd7 15. Rfd1+ Ke6 16. Re1 Be7 17. Bxc7+ Kd7 18. Ne4 Bb4 19. Red1+ Ke7 20.
Rd5 g6 21. Re5+ Kd7 22. Nf6+ Kc8 23. Rxe8+ Rxe8 24. Nxe8 Nd4 25. Be5+ 1-0

[Event "Let's Play Chess!"]
[Site "http://www.queenalice.com/game.php?id=532561"]
[Date "2009.1.31"]
[Round "-"]
[White "rdononato"]
[Black "nadajnick"]
[Result "1-0"]
[WhiteElo "1788"]
[BlackElo "1551"]

1. e4 c5 2. Nc3 Nc6 3. g3 g6 4. Bg2 Bg7 5. Nge2 Nf6 6. d3 d6 7. h3 O-O 8. O-O e5
9. a3 h6 10. Kh2 Nd4 11. Be3 Kh7 12. f4 Re8 13. Qd2 Bd7 14. fxe5 dxe5 15. Nc1
Bc6 16. Nd1 Qb6 17. c3 Ne6 18. c4 1-0

[Event "Let's Play Chess!"]
[Site "http://www.queenalice.com/game.php?id=532986"]
[Date "2009.2.1"]
[Round "-"]
[White "paddymalonespub"]
[Black "nadajnick"]
[Result "0-1"]
[WhiteElo "1663"]
[BlackElo "1515"]

1. d4 Nf6 2. Nc3 d5 3. e3 Bf5 4. Bd3 e6 5. Bxf5 exf5 6. Nf3 Bb4 7. Bd2 Nc6 8.
O-O O-O 9. a3 Bd6 10. Nb5 Ne7 11. Nxd6 Qxd6 12. Bb4 Qd8 13. Ne5 Re8 14. Bxe7
Rxe7 15. c4 c6 16. b3 Qc8 17. cxd5 Nxd5 18. Qh5 Nf6 19. Qf3 Ne4 20. Nd3 Nd2 21.
Qh3 Nxf1 22. Rxf1 b6 23. Nf4 Qd7 24. Nh5 Qe6 25. Qg3 Qg6 26. Qxg6 fxg6 27. Nf6+
gxf6 0-1

[Event "Let's Play Chess!"]
[Site "http://www.queenalice.com/game.php?id=532987"]
[Date "2009.2.1"]
[Round "-"]
[White "nadajnick"]
[Black "paddymalonespub"]
[Result "1-0"]
[WhiteElo "1500"]
[BlackElo "1662"]

1. d4 d5 2. c4 dxc4 3. Nf3 e6 4. e4 Nf6 5. Nc3 Bb4 6. Bxc4 Nxe4 7. O-O Nxc3 8.
bxc3 Bxc3 9. Rb1 Nc6 10. Be3 O-O 11. Qd3 Bb4 12. a3 Bd6 13. Rfd1 f5 14. d5 exd5
15. Bxd5+ Kh8 16. Bxc6 bxc6 17. Qc3 f4 18. Bd4 Rf6 19. Bxf6 Qxf6 20. Qxc6 1-0

[Event "Let's Play Chess!"]
[Site "http://www.queenalice.com/game.php?id=537409"]
[Date "2009.2.9"]
[Round "-"]
[White "nonpop"]
[Black "nadajnick"]
[Result "1-0"]
[WhiteElo "1786"]
[BlackElo "1506"]

1. e4 c5 2. Nc3 Nc6 3. Bb5 Nd4 4. Bc4 e6 5. d3 Ne7 6. Nf3 g6 7. O-O Bg7 8. Be3
O-O 9. Qd2 d5 10. exd5 exd5 11. Bb3 Nxf3+ 12. gxf3 d4 13. Bh6 Bxh6 14. Qxh6 dxc3
15. bxc3 Be6 16. Rae1 Bh3 17. Qxh3 1-0

[Event "Let's Play Chess!"]
[Site "http://www.queenalice.com/game.php?id=537410"]
[Date "2009.2.9"]
[Round "-"]
[White "nadajnick"]
[Black "nonpop"]
[Result "0-1"]
[WhiteElo "1501"]
[BlackElo "1791"]

1. d4 Nf6 2. c4 e6 3. Nf3 Nc6 4. Nc3 Bb4 5. Bd2 O-O 6. e4 d5 7. Bd3 Re8 8. e5
Nd7 9. O-O dxc4 10. Bxc4 Nb6 11. Bb3 Bd7 12. Ne4 h6 13. a3 Be7 14. Nc5 Rb8 0-1